The Gonds : (Record no. 92904)

MARC details
000 -LEADER
fixed length control field 00803nam a22002297a 4500
005 - DATE AND TIME OF LATEST TRANSACTION
control field 20150514103220.0
010 ## - LCCN (DPL NO)
LC control number ENG-112646
020 ## - INTERNATIONAL STANDARD BOOK NUMBER
Terms of availability 95.00
International Standard Book Number 8123767870
020 ## - INTERNATIONAL STANDARD BOOK NUMBER
International Standard Book Number 9788123767871
Terms of availability 95.00
035 ## - SYSTEM CONTROL NUMBER
System control number EN-96178
037 ## - SOURCE OF ACQUISITION
Source of stock number/acquisition DBAD/PUB
082 ## - DEWEY DECIMAL CLASSIFICATION NUMBER
Classification number 305.800954
100 ## - MAIN ENTRY--PERSONAL NAME
Personal name Paul, Anuradha
245 00 - TITLE STATEMENT
Title The Gonds :
Statement of responsibility, etc by Anuradha Paul
Remainder of title genesis, history & culture /
260 ## - PUBLICATION, DISTRIBUTION, ETC. (IMPRINT)
Place of publication, distribution, etc New Delhi
Name of publisher, distributor, etc National Book Trust
Date of publication, distribution, etc 2013
270 ## - ADDRESS
Address Nehru Bhawan, 5 Institutional area, Phase-ll Vasant Kunj
City New Delhi
Postal code 110070
300 ## - PHYSICAL DESCRIPTION
Extent xv,160p.:
Dimensions 22cm(pbk)
Other physical details col. ill.
500 ## - GENERAL NOTE
General note Includes bibliographical references (pages 159-160).
650 ## - SUBJECT ADDED ENTRY--TOPICAL TERM
Topical term or geographic name as entry element Gond (Indic people)
General subdivision Social life and customs.
650 ## - SUBJECT ADDED ENTRY--TOPICAL TERM
Topical term or geographic name as entry element Gond (Indic people)
General subdivision Religion.
942 ## - ADDED ENTRY ELEMENTS (KOHA)
Source of classification or shelving scheme Dewey Decimal Classification
Item type English Books
Call number suffix PAU
Classification part 305.800954
Holdings
Withdrawn status Lost status Not for loan Collection code Home library Current library Date acquired Source of acquisition Cost, normal purchase price Full call number Barcode Copy number Cost, replacement price Koha item type
    Not For Loan Non-fiction D.B.Act.Division D.B.Act.Division 13/04/2015 DBAD/PUB 95.00 305.800954 PAU EN-96178 1 95.00 English Books

© Delhi Public Library
Hit Counter
free hit counter